| 000 | 00353 a2200157 4500 | ||
|---|---|---|---|
| 001 | 47765 | ||
| 020 | _a9788574068633 | ||
| 040 | _cAnchieta - Aquarius | ||
| 100 | _aKogan, Mariela | ||
| 240 | 1 | 0 |
_aEcologia até na sopa _lpor |
| 245 | 1 | 0 | _aEcologia até na sopa |
| 300 | _a46 | ||
| 362 | 0 | _a2019 | |
| 650 | 4 | _aLiteratura infanto-juvenil | |
| 942 | _cBK | ||
| 999 |
_c47765 _d47765 |
||